[Event "RSA-ch U16"]
[Site "Waterkloof"]
[Date "2015.04.04"]
[Round "2"]
[White "Noubouth, Yadhav"]
[Black "Springbok, Jason"]
[Result "1-0"]
[WhiteElo "1509"]
[BlackElo "1292"]
[PlyCount "75"]
[EventDate "2015.04.04"]
[EventType "swiss"]
[EventRounds "9"]
[EventCountry "RSA"]
[SourceTitle "CBM 166 Extra"]
[Source "ChessBase"]
[SourceDate "2015.06.18"]
[SourceVersion "1"]
[SourceVersionDate "2015.06.18"]
[SourceQuality "1"]

1. c4 e5 2. g3 Nf6 3. Bg2 Nc6 4. Nc3 g6 5. a3 Bg7 6. b4 0-0 7. e4 d6 8. d3 Nd4 9. h3 c6 10. Nge2 c5 11. Nxd4 cxd4 12. Ne2 Qc7 13. 0-0 Bd7 14. f4 Qc8 15. Kh2 a6 16. fxe5 dxe5 17. Bg5 Qc6 18. Nxd4 exd4 19. e5 Nh5 20. Bxc6 Bxc6 21. Bf6 Rfe8 22. Qd2 Re6 23. Bxg7 Nxg7 24. Qf4 Re7 25. Qxd4 Rae8 26. Rae1 Nf5 27. Qf4 f6 28. d4 b5 29. g4 Nh4 30. d5 Bb7 31. exf6 Re2+ 32. Rxe2 Rxe2+ 33. Rf2 Re1 34. f7+ Kf8 35. Qd6+ Re7 36. Qxe7+ Kxe7 37. f8Q+ Kd7 38. Rf7# 1-0